000 00598nam a22002057a 4500
003 0
005 20240905154638.0
008 240822b xxu||||| |||| 00| 0 eng d
020 _a978-981-5119-29-9
050 _aHB 171.5
_b.M278 2024
082 _aTR 330
_b.M278 2024
100 _aMankiw, N. Gregory
245 _aPrinciples of economics /
_cN. Gregory Mankiw.
250 _a10th ed.
260 _aSingapore :
_bCengage Learning Asia Pte Ltd,
_cc2024.
300 _axxix, 863 pages :
_bcolored illustrations ;
_c26 cm.
504 _aIncludes index.
650 _aEconomics
942 _2lcc
_cBK
999 _c366135
_d366135